Využitie sociálnej robotiky v starostlivosti o seniorov

Saved in:
Bibliographic Details
Main Author: Vrtíková, Timea (Author)
Other Authors: Lehocki, Fedor (Thesis advisor)
Format: Manuscript Book
Language:Slovak
Published: 2025
Subjects:
Online Access:http://is.stuba.sk/zp/portal_zp.pl?podrobnosti=175393
Tags: Add Tag
No Tags, Be the first to tag this record!

MARC

LEADER 00000ntm a22000003a 4500
001 stuzp102848
003 SK-STU
005 20250614211554.3
007 ta
008 150427s2015----xo-----f-mn---000-0-slo-d
040 |a STU  |b slo 
041 0 |a slo 
100 1 |a Vrtíková, Timea  |u 070200  |4 aut  |U FIIT Fakulta informatiky a informačných technológií  |T FIIT Ústav informatiky, informačných systémov a softvérového inžinierstva  |X 120911  |U I200  |Y 179  |7 120911 
242 0 1 |a The use of social robotics in the care of elderly  |y eng 
245 1 0 |a Využitie sociálnej robotiky v starostlivosti o seniorov 
260 |c 2025 
650 4 |a elderly  |2 eng 
650 4 |a NAO robot  |2 eng 
650 4 |a motion correction  |2 eng 
650 4 |a social robotics  |2 eng 
650 4 |a robot NAO  |2 slo 
650 4 |a korekcia pohybu  |2 slo 
650 4 |a sociálna robotika  |2 slo 
650 4 |a seniori  |2 slo 
700 1 |a Lehocki, Fedor  |u 070200  |k Z1  |4 ths  |U FIIT Fakulta informatiky a informačných technológií  |T FIIT Ústav informatiky, informačných systémov a softvérového inžinierstva  |X 1888  |U I200  |Y 179  |7 000001888 
856 4 |u http://is.stuba.sk/zp/portal_zp.pl?podrobnosti=175393